<?xml version="1.0" encoding="UTF-8"?>
<collection xmlns="http://www.loc.gov/MARC21/slim">
 <record>
  <leader>01631nam a22002537a 4500</leader>
  <controlfield tag="001">NCT_67607</controlfield>
  <controlfield tag="008">190904b        xxu||||| |||| 00| 0 vie d</controlfield>
  <datafield tag="999" ind1=" " ind2=" ">
   <subfield code="c">3268</subfield>
   <subfield code="d">3268</subfield>
  </datafield>
  <datafield tag="020" ind1=" " ind2=" ">
   <subfield code="a">9786045992883</subfield>
   <subfield code="c">69000</subfield>
  </datafield>
  <datafield tag="082" ind1="0" ind2="4">
   <subfield code="2">23rd ed.</subfield>
   <subfield code="a">153.6</subfield>
   <subfield code="b">L373</subfield>
  </datafield>
  <datafield tag="100" ind1="1" ind2=" ">
   <subfield code="a">Lieberman, David J.</subfield>
  </datafield>
  <datafield tag="245" ind1="1" ind2="0">
   <subfield code="a">Đọc vị bất kì ai :</subfield>
   <subfield code="b">Để không bị lừa dối và lợi dụng</subfield>
   <subfield code="c">David J. Lieberman ; Quỳnh Lê (dịch) ; Trần Vũ Nhân (hiệu đính)</subfield>
  </datafield>
  <datafield tag="250" ind1=" " ind2=" ">
   <subfield code="a">Tái bản lần thứ 26</subfield>
  </datafield>
  <datafield tag="260" ind1=" " ind2=" ">
   <subfield code="a">H.</subfield>
   <subfield code="b">Lao động</subfield>
   <subfield code="c">2018</subfield>
  </datafield>
  <datafield tag="300" ind1=" " ind2=" ">
   <subfield code="a">223 tr.</subfield>
   <subfield code="c">21cm</subfield>
  </datafield>
  <datafield tag="490" ind1="0" ind2=" ">
   <subfield code="a">Đọc vị bất kì ai</subfield>
  </datafield>
  <datafield tag="520" ind1="3" ind2=" ">
   <subfield code="a">Cuốn sách gồm 2 phần chính: phần đầu giúp bạn đọc vị được người khác nhanh chóng để biết được suy nghĩ, cảm giác và xúc cảm cơ bản của họ; phần sau giúp bạn xây dựng hồ sơ tính cách tương đối chi tiết cho một người, học cách đoán biết được suy nghĩ hay cảm giác của họ và điều họ sẽ làm tiếp theo.</subfield>
  </datafield>
  <datafield tag="653" ind1=" " ind2=" ">
   <subfield code="a">Sách tham khảo</subfield>
  </datafield>
  <datafield tag="700" ind1="0" ind2=" ">
   <subfield code="a">Quỳnh Lê </subfield>
   <subfield code="e">Dịch</subfield>
  </datafield>
  <datafield tag="700" ind1="1" ind2=" ">
   <subfield code="a">Trần Vũ Nhân</subfield>
   <subfield code="e">Hiệu đính</subfield>
  </datafield>
  <datafield tag="942" ind1=" " ind2=" ">
   <subfield code="2">ddc</subfield>
   <subfield code="c">BK</subfield>
  </datafield>
  <datafield tag="952" ind1=" " ind2=" ">
   <subfield code="0">0</subfield>
   <subfield code="1">0</subfield>
   <subfield code="2">ddc</subfield>
   <subfield code="4">0</subfield>
   <subfield code="6">153_600000000000000_L373</subfield>
   <subfield code="7">0</subfield>
   <subfield code="9">17568</subfield>
   <subfield code="a">000001</subfield>
   <subfield code="b">000001</subfield>
   <subfield code="d">2019-09-04</subfield>
   <subfield code="o">153.6 L373</subfield>
   <subfield code="p">TK.01619</subfield>
   <subfield code="r">2019-09-04</subfield>
   <subfield code="v">69000.00</subfield>
   <subfield code="w">2019-09-04</subfield>
   <subfield code="y">BK</subfield>
  </datafield>
  <datafield tag="952" ind1=" " ind2=" ">
   <subfield code="0">0</subfield>
   <subfield code="1">0</subfield>
   <subfield code="2">ddc</subfield>
   <subfield code="4">0</subfield>
   <subfield code="6">153_600000000000000_L373</subfield>
   <subfield code="7">0</subfield>
   <subfield code="9">17569</subfield>
   <subfield code="a">000001</subfield>
   <subfield code="b">000001</subfield>
   <subfield code="d">2019-09-04</subfield>
   <subfield code="l">1</subfield>
   <subfield code="o">153.6 L373</subfield>
   <subfield code="p">TK.01620</subfield>
   <subfield code="r">2020-07-14</subfield>
   <subfield code="s">2020-06-23</subfield>
   <subfield code="v">69000.00</subfield>
   <subfield code="w">2019-09-04</subfield>
   <subfield code="y">BK</subfield>
  </datafield>
  <datafield tag="980" ind1=" " ind2=" ">
   <subfield code="a">Thư viện Trường Đại học Nam Cần Thơ</subfield>
  </datafield>
 </record>
</collection>
